[Event "OPEN INER 2022"]
[Site "salle des fêtes de Saint Denis"]
[Date "2022.10.13"]
[Round "5.3"]
[White "Mezouaghi, Miloud"]
[Black "Fondrat, Johan"]
[Result "1-0"]
[WhiteElo "1987"]
[BlackElo "1742"]
[PlyCount "153"]
[EventDate "2022.??.??"]

1. Nf3 d5 2. g3 Nd7 3. d4 Ngf6 4. Bg2 e6 5. O-O Be7 6. c4 c6 7. Qc2 O-O 8. Rd1
b6 9. Ne5 Bb7 10. cxd5 cxd5 11. Nc6 Bxc6 12. Qxc6 Rc8 13. Qa4 a5 14. Nc3 Rc4
15. Qb3 Qc8 16. a3 Ne8 17. Bf4 g5 18. Be3 Nd6 19. f3 Qc6 20. Rac1 Rc8 21. Na2
f5 22. Qd3 a4 23. Bf2 Nf6 24. Qe3 Nf7 25. Rxc4 dxc4 26. Nc3 Bd8 27. h3 Nd5 28.
Nxd5 exd5 29. f4 g4 30. hxg4 fxg4 31. f5 Kf8 32. Qe6 Qxe6 33. fxe6 Ng5 34. Bxd5
Ke7 35. Be1 Nxe6 36. Bb4+ Kd7 37. Be4 Kc7 38. Bf5 Ng5 39. Bxc8 Kxc8 40. Kg2 Bc7
41. d5 Be5 42. Bc3 Bd6 43. Rd4 b5 44. Rxg4 h6 45. e4 b4 46. axb4 Nf7 47. Rg6
Kd7 48. Kf3 Ke7 49. Re6+ Kd7 50. Kg4 Ng5 51. Rxh6 Nxe4 52. Rh7+ Ke8 53. Ra7 a3
54. Rxa3 Nxg3 55. Ra8+ Kd7 56. b5 Ne4 57. Bd4 Kc7 58. Ra4 Nd2 59. Bc3 Nb3 60.
Rxc4+ Kd7 61. b6 Nc5 62. Kf5 Nb7 63. b4 Ke7 64. Rh4 Kd7 65. Rh7+ Kc8 66. Ke6
Bg3 67. Bf6 Nd6 68. Be5 Nb7 69. Bxg3 Nd8+ 70. Ke5 Nb7 71. Rc7+ Kb8 72. Rxb7+
Kxb7 73. Ke6 Kc8 74. Ke7 Kb7 75. d6 Ka8 76. d7 Kb7 77. d8=Q 1-0

[Event "OPEN INER 2022"]
[Site "salle des fêtes de Saint Denis"]
[Date "2022.10.13"]
[Round "5.4"]
[White "Folio, Pierre"]
[Black "Larmet, Nino"]
[Result "0-1"]
[WhiteElo "1432"]
[BlackElo "2023"]
[PlyCount "126"]
[EventDate "2022.??.??"]

1. e4 e5 2. Nf3 Nc6 3. Bc4 Bc5 4. Nc3 Nf6 5. d3 h6 6. O-O O-O 7. a3 a6 8. b4
Ba7 9. Be3 d6 10. h3 Be6 11. Bxa7 Rxa7 12. Bxe6 fxe6 13. d4 Nd7 14. dxe5 Ndxe5
15. Nxe5 Nxe5 16. f4 Nc6 17. Ne2 Qf6 18. f5 Raa8 19. g4 e5 20. Ng3 Qg5 21. Qd3
Rf7 22. Rf2 Ne7 23. Raf1 Raf8 24. Nh5 Qh4 25. f6 gxf6 26. Qb3 Kh7 27. Qe6 Ng8
28. Qf5+ Kh8 29. Qg6 Qg5 30. Qxg5 hxg5 31. Kg2 Kh7 32. h4 Kg6 33. Ng3 gxh4 34.
Nf5 Rh7 35. Rh1 Kg5 36. Kf3 Ne7 37. Rfh2 Rfh8 38. c4 Ng6 39. Ne3 Nf4 40. Nd5
Nxd5 41. cxd5 Rc8 42. a4 c5 43. Rc2 c4 44. Rh3 c3 45. b5 Rc4 46. bxa6 bxa6 47.
a5 Rb7 48. Ke3 Rbb4 49. Ke2 Rxe4+ 50. Kf3 Rf4+ 51. Ke3 Rbe4+ 52. Kd3 Rd4+ 53.
Kxc3 Rxd5 54. Rch2 Rxg4 55. Kb2 Rxa5 56. Kc2 Ra2+ 57. Kb1 Rxh2 58. Rxh2 Rg1+
59. Kc2 Kg4 60. Re2 f5 61. Kd3 h3 62. Ke3 Rg3+ 63. Kf2 Rg2+ 0-1

[Event "OPEN INER 2022"]
[Site "salle des fêtes de Saint Denis"]
[Date "2022.10.13"]
[Round "5.5"]
[White "Francou, Yvon"]
[Black "Desire, Michael"]
[Result "1-0"]
[WhiteElo "1639"]
[BlackElo "1670"]
[PlyCount "49"]
[EventDate "2022.??.??"]

1. d4 Nf6 2. Nf3 d5 3. c4 c6 4. e3 e6 5. Bd3 Bd6 6. Nc3 Nbd7 7. O-O h5 8. e4
dxe4 9. Bxe4 Ng4 10. d5 Qc7 11. h3 f5 12. dxe6 Nde5 13. Bxf5 Rf8 14. Nxe5 Bxe5
15. Bg6+ Ke7 16. hxg4 Bh2+ 17. Kh1 hxg4 18. Bg5+ Rf6 19. Qxg4 Bxe6 20. Rfe1 Rh8
21. Qxe6+ Kd8 22. Bxf6+ gxf6 23. Qxf6+ Kd7 24. Qxh8 Bd6 25. Qe8# 1-0

[Event "OPEN INER 2022"]
[Site "salle des fêtes de Saint Denis"]
[Date "2022.10.13"]
[Round "5.6"]
[White "Lallemand, Philippe"]
[Black "Sawmynaden, Vicken"]
[Result "1-0"]
[WhiteElo "1840"]
[BlackElo "1644"]
[PlyCount "110"]
[EventDate "2022.??.??"]

1. d4 d5 2. Bf4 c6 3. Nf3 Nf6 4. c3 e6 5. e3 Qb6 6. Qc2 Nbd7 7. Bd3 Nh5 8. Bg5
h6 9. Bh4 c5 10. Nbd2 c4 11. Be2 Nhf6 12. Bg3 Bd6 13. Bxd6 Qxd6 14. e4 Qc7 15.
O-O b5 16. Rae1 Bb7 17. e5 Nh7 18. h3 Qd8 19. Nh2 Qe7 20. f4 O-O 21. f5 f6 22.
fxe6 Qxe6 23. Bg4 Qc6 24. e6 Nb6 25. Qg6 Qe8 26. Bf5 Qxg6 27. Bxg6 Rfc8 28. Re2
Bc6 29. Rfe1 Be8 30. Bf5 Rc7 31. Nhf3 Nc8 32. e7 Nd6 33. Bc2 Ng5 34. Nxg5 hxg5
35. Re6 Nf7 36. Nf1 Rac8 37. Bf5 Rb8 38. Ne3 Rd7 39. Bg4 Nh6 40. Bf3 Bf7 41.
Nxd5 Bxe6 42. Rxe6 Kf7 43. Re2 Ng8 44. Bh5+ g6 45. Bxg6+ Kxg6 46. e8=Q+ Rxe8
47. Rxe8 Kf7 48. Rxg8 Rxd5 49. Ra8 Rd7 50. Rb8 a6 51. Rb6 Re7 52. Kf2 Re4 53.
g3 Re6 54. Rxe6 Kxe6 55. Kf3 f5 1-0

[Event "OPEN INER 2022"]
[Site "salle des fêtes de Saint Denis"]
[Date "2022.10.13"]
[Round "5.7"]
[White "Frelicot, Eric"]
[Black "Sawmynaden, Righen Peroumal"]
[Result "1-0"]
[WhiteElo "1560"]
[BlackElo "1743"]
[PlyCount "67"]
[EventDate "2022.??.??"]

1. d4 Nf6 2. Nf3 d6 3. Nc3 Nbd7 4. e4 e5 5. d5 a6 6. a4 Nc5 7. Bd3 Be7 8. b4
Nxd3+ 9. Qxd3 a5 10. b5 Nd7 11. Be3 b6 12. O-O O-O 13. Ne2 f5 14. exf5 e4 15.
Qxe4 Nf6 16. Qd3 Ng4 17. Ned4 Bf6 18. Rae1 Ne5 19. Nxe5 dxe5 20. Ne6 Bxe6 21.
fxe6 Qd6 22. Qe4 Rad8 23. c4 Qb4 24. Ra1 Be7 25. Rfb1 Qc3 26. Rc1 Qb2 27. Qc2
Qxc2 28. Rxc2 Rf5 29. Rd1 h5 30. c5 e4 31. d6 cxd6 32. cxd6 Bxd6 33. Rcd2 Rff8
34. Rxd6 1-0

[Event "OPEN INER 2022"]
[Site "salle des fêtes de Saint Denis"]
[Date "2022.10.13"]
[Round "5.8"]
[White "Dace, Jean Emeric"]
[Black "Vadon Ramalanjaona, Mateotia"]
[Result "1-0"]
[WhiteElo "1649"]
[BlackElo "1314"]
[PlyCount "109"]
[EventDate "2022.??.??"]

1. b3 e5 2. Bb2 Nc6 3. e3 d5 4. Bb5 Bd6 5. Nf3 f6 6. d4 e4 7. Nfd2 h5 8. c4 Bb4
9. a3 Bxd2+ 10. Nxd2 Nge7 11. Qc2 f5 12. cxd5 Qxd5 13. Bc4 Qd6 14. Bb5 Be6 15.
Nc4 Bxc4 16. Bxc4 Nd5 17. b4 Nce7 18. Qb3 O-O-O 19. b5 Qg6 20. Rg1 Qd6 21. h3
Rh6 22. O-O-O f4 23. Kb1 fxe3 24. fxe3 Qg3 25. a4 Qxe3 26. Bxd5 Nxd5 27. Qxe3
Nxe3 28. Rde1 Nc4 29. Ba1 Re6 30. Kc2 Nd6 31. g4 hxg4 32. Rxg4 Rh6 33. h4 Re8
34. d5 Rh5 35. Bxg7 Rxd5 36. Rg5 Rxg5 37. hxg5 Nf5 38. Bf6 e3 39. Kd3 Re6 40.
Rh1 Rd6+ 41. Kc4 b6 42. Rh8+ Kb7 43. Re8 c6 44. Re5 cxb5+ 45. axb5 Rd4+ 46. Kc3
Rf4 47. Re8 Rf3 48. Be5 e2+ 49. Kd2 e1=Q+ 50. Kxe1 Re3+ 51. Kd2 Nd6 52. Re7+
Kc8 53. Bxd6 Rb3 54. g6 Rxb5 55. Ba3 1-0

[Event "OPEN INER 2022"]
[Site "salle des fêtes de Saint Denis"]
[Date "2022.10.13"]
[Round "5.9"]
[White "Folio, Thomas"]
[Black "Bah, Ismael"]
[Result "1-0"]
[WhiteElo "1431"]
[BlackElo "1588"]
[PlyCount "57"]
[EventDate "2022.??.??"]

1. e4 e5 2. Nf3 d6 3. d4 exd4 4. Bc4 Be7 5. c3 dxc3 6. Qb3 cxb2 7. Bxf7+ Kf8 8.
Bxb2 Bf6 9. e5 Qe7 10. Bxg8 Rxg8 11. O-O dxe5 12. Re1 Nd7 13. Nc3 Qf7 14. Qc2
g6 15. Ne4 Bd8 16. Rad1 Qf5 17. Nxe5 Be7 18. Nxd7+ Bxd7 19. Re3 Qb5 20. Rf3+
Ke8 21. Nf6+ Bxf6 22. Bxf6 Qc6 23. Re1+ Kf7 24. Re7+ Kf8 25. Qxc6 Bxc6 26. Rf4
Bd7 27. Rxd7 g5 28. Bxg5+ Ke8 29. Re7+ 1-0

[Event "OPEN INER 2022"]
[Site "salle des fêtes de Saint Denis"]
[Date "2022.10.13"]
[Round "5.10"]
[White "Lee Luen Mang, Stefan"]
[Black "Lallemand, Eric"]
[Result "0-1"]
[WhiteElo "1557"]
[BlackElo "1199"]
[PlyCount "100"]
[EventDate "2022.??.??"]

1. e4 c5 2. Nf3 e6 3. d4 cxd4 4. Nxd4 Nf6 5. Nc3 Nc6 6. Be3 d6 7. f3 Be7 8. Qd2
a6 9. O-O-O Qc7 10. Bg5 h6 11. Bxf6 gxf6 12. Kb1 Bd7 13. f4 O-O-O 14. g3 Nxd4
15. Qxd4 Bc6 16. Bh3 Kb8 17. Rhe1 h5 18. f5 e5 19. Qd3 Rc8 20. Bf1 Qa5 21. Qe3
Qb4 22. a3 Qa5 23. Bc4 Rh7 24. Bd5 Bd7 25. Rd3 Qc5 26. Qd2 Qa7 27. Na2 Rc7 28.
Rb3 Bc6 29. Nb4 Kc8 30. Rc3 Bb5 31. Ree3 Rxc3 32. Rxc3+ Kd7 33. Bc4 Bc6 34. b3
Bxe4 35. Nd5 Bd8 36. Ne3 Bb6 37. Nd5 Bd8 38. Ne3 Bb6 39. Nd5 Bxd5 40. Qxd5 Bd4
41. Rf3 b5 42. Be2 Qc7 43. a4 bxa4 44. Bxa6 a3 45. Bb5+ Ke7 46. Qa8 Rh8 47.
Qxa3 Qb7 48. Ba4 Qxf3 49. Qc1 Qc3 50. Ka2 Ra8 0-1

[Event "OPEN INER 2022"]
[Site "salle des fêtes de Saint Denis"]
[Date "2022.10.13"]
[Round "5.11"]
[White "Bonin, Malo"]
[Black "Jotee, Ashvin"]
[Result "0-1"]
[WhiteElo "1199"]
[BlackElo "1815"]
[PlyCount "162"]
[EventDate "2022.??.??"]

1. Nf3 d5 2. d4 Nf6 3. Bf4 c5 4. c3 Nc6 5. e3 Qb6 6. Qc2 cxd4 7. cxd4 Bg4 8.
Nbd2 e6 9. Be2 Be7 10. h3 Bf5 11. Qc1 h6 12. O-O O-O 13. Nb3 Nb4 14. Bc7 Qc6
15. Qxc6 Nxc6 16. Rac1 Rac8 17. Bf4 Ne4 18. Nbd2 Nb4 19. a3 Nxd2 20. Nxd2 Nd3
21. Bxd3 Bxd3 22. Rfe1 Bc2 23. f3 Rfd8 24. Re2 Bd3 25. Rxc8 Rxc8 26. Re1 Rc2
27. e4 dxe4 28. fxe4 Rxb2 29. d5 exd5 30. exd5 Bxa3 31. Rd1 Bc5+ 32. Kh2 Be2
33. Rb1 Rxb1 34. Nxb1 Bb4 35. d6 Bb5 36. g4 Kf8 37. h4 Ke8 38. g5 hxg5 39. hxg5
Bd3 40. Kh3 Bxb1 41. Kg4 g6 42. Be5 Kd7 43. Bd4 a5 44. Kf4 Bxd6+ 45. Ke3 b5 46.
Kd2 a4 47. Kc1 Bf5 48. Kb2 b4 49. Ka2 Kc6 50. Kb2 Kd5 51. Bf6 Ke4 52. Ka2 b3+
53. Kb2 a3+ 54. Ka1 b2+ 55. Bxb2 axb2+ 56. Kxb2 Bc8 57. Kc2 Kd4 58. Kd2 Ke4 59.
Ke2 Kf4 60. Kf2 Kxg5 61. Kf3 Kh4 62. Kg2 Bb7+ 63. Kf2 Kh3 64. Kg1 Bc5+ 65. Kf1
Kh2 66. Ke2 g5 67. Kd3 g4 68. Kc4 g3 69. Kxc5 g2 70. Kb6 g1=Q+ 71. Kxb7 Qc1 72.
Kb6 Kg3 73. Kb5 Kf4 74. Kb4 Ke4 75. Kb3 Kd3 76. Kb4 Qc4+ 77. Ka5 Qb3 78. Ka6
Kc4 79. Ka7 Kc5 80. Ka8 Kc6 81. Ka7 Qb7# 0-1

[Event "OPEN INER 2022"]
[Site "salle des fêtes de Saint Denis"]
[Date "2022.10.13"]
[Round "5.12"]
[White "Rosamel, Manua"]
[Black "Hichari, Lotfi"]
[Result "1-0"]
[WhiteElo "1319"]
[BlackElo "1199"]
[PlyCount "33"]
[EventDate "2022.??.??"]

1. e4 d5 2. exd5 Qxd5 3. Nc3 Qa5 4. d4 c6 5. Nf3 Nf6 6. Be3 Bf5 7. Qd2 e6 8.
Bd3 Bb4 9. Ne5 Nd5 10. Nc4 Qd8 11. Bxf5 exf5 12. a3 Nxe3 13. Qxe3+ Qe7 14. axb4
Qxe3+ 15. fxe3 Nd7 16. Nd6+ Kd8 17. Nxf7+ 1-0

[Event "OPEN INER 2022"]
[Site "salle des fêtes de Saint Denis"]
[Date "2022.10.13"]
[Round "5.13"]
[White "Folio, Raphael"]
[Black "Lam Kin Cheung, Stephane"]
[Result "0-1"]
[WhiteElo "1277"]
[BlackElo "1199"]
[PlyCount "62"]
[EventDate "2022.??.??"]

1. d4 Nf6 2. Nf3 d5 3. e3 e6 4. c4 Be7 5. b3 O-O 6. Bd3 c5 7. Bb2 Nc6 8. a3 b6
9. O-O Bb7 10. Nbd2 Rc8 11. Ne5 Qc7 12. f4 cxd4 13. exd4 Nxe5 14. fxe5 Ne4 15.
Rf3 h6 16. Rc1 Qd7 17. Qe2 Nxd2 18. Qxd2 Bg5 19. Qf2 Bxc1 20. Bxc1 dxc4 21. Rg3
cxd3 22. Bxh6 g6 23. Qf6 Qxd4+ 24. Kf1 Qa1+ 25. Kf2 Rc2+ 26. Ke3 Qc1+ 27. Kxd3
Be4+ 28. Kxe4 Qxh6 29. Rh3 Qg7 30. Qh4 Rfc8 31. Qe7 f5+ 0-1

[Event "OPEN INER 2022"]
[Site "salle des fêtes de Saint Denis"]
[Date "2022.10.13"]
[Round "5.14"]
[White "Daoudjee, Hishame"]
[Black "Hoarau, Antoine"]
[Result "0-1"]
[WhiteElo "1199"]
[BlackElo "1246"]
[PlyCount "58"]
[EventDate "2022.??.??"]

1. e4 e6 2. Nf3 d5 3. e5 c5 4. c3 Nc6 5. d4 Bd7 6. Na3 f6 7. Be2 fxe5 8. dxe5
Nge7 9. O-O Ng6 10. Bg5 Be7 11. Bxe7 Qxe7 12. Bb5 O-O 13. Re1 a6 14. Bd3 Nf4
15. Bc2 Be8 16. Bb3 Bh5 17. Re3 Qf7 18. Bc2 h6 19. Qd2 Nxg2 20. Kxg2 Bxf3+ 21.
Rxf3 Qxf3+ 22. Kf1 Qh3+ 23. Kg1 Nxe5 24. Qe3 Nf3+ 25. Qxf3 Qxf3 26. Rf1 Rf4 27.
h3 Qxh3 28. Bd1 Rh4 29. f3 Qh2# 0-1

[Event "OPEN INER 2022"]
[Site "salle des fêtes de Saint Denis"]
[Date "2022.10.13"]
[Round "5.15"]
[White "Boyer, Mathis"]
[Black "Cheung, Gerard"]
[Result "1-0"]
[WhiteElo "1190"]
[BlackElo "1199"]
[PlyCount "101"]
[EventDate "2022.??.??"]

1. e4 b6 2. d4 Bb7 3. Nc3 e6 4. Bd3 c5 5. d5 e5 6. Nf3 d6 7. O-O Ba6 8. Bxa6
Nxa6 9. Qe2 Nc7 10. Nb5 Nf6 11. Bg5 Be7 12. Bxf6 Bxf6 13. Nxc7+ Qxc7 14. Qb5+
Qd7 15. Qxd7+ Kxd7 16. a3 c4 17. c3 a5 18. a4 Rhc8 19. g3 Rc5 20. h4 h6 21. Ra3
b5 22. axb5 Rxb5 23. Nd2 Rc5 24. Ra4 Rac8 25. Rfa1 Bd8 26. Kh2 h5 27. Kh3 g6
28. g4 Ke8 29. Kg3 Kf8 30. Nf3 f6 31. gxh5 gxh5 32. Nd2 Kf7 33. f4 Kg6 34. f5+
Kh6 35. Kf3 Bb6 36. Rg1 Bd8 37. Rg6+ Kh7 38. Ke2 Be7 39. Kd1 Bf8 40. Rxf6 Kg7
41. Rg6+ Kf7 42. Rg5 Kf6 43. Rxh5 Bg7 44. Rh7 Rh8 45. Rxh8 Bxh8 46. Nxc4 Kg7
47. Nxd6 Kh6 48. Nf7+ Kg7 49. Nxh8 Kxh8 50. d6 Rd5+ 51. exd5 1-0

[Event "OPEN INER 2022"]
[Site "salle des fêtes de Saint Denis"]
[Date "2022.10.13"]
[Round "5.16"]
[White "Lai-Cheung-Kit, Guillaume"]
[Black "Lebihan, Mahe"]
[Result "0-1"]
[WhiteElo "1011"]
[BlackElo "1199"]
[PlyCount "100"]
[EventDate "2022.??.??"]

1. e4 d5 2. exd5 Qxd5 3. Nc3 Qa5 4. d4 c6 5. Nf3 Bg4 6. Bc4 e6 7. Qd3 Bd6 8.
Bb3 Nd7 9. Bd2 Qc7 10. Ne4 Bf5 11. Nxd6+ Qxd6 12. Qc3 Ngf6 13. Qb4 Qc7 14. O-O
a5 15. Qc3 a4 16. Bc4 O-O 17. Bd3 Nd5 18. Qc4 b5 19. Bf4 Qc8 20. Qxd5 cxd5 21.
Bxb5 Nf6 22. c3 Rd8 23. Ne5 a3 24. bxa3 Qxc3 25. Rfd1 Rxa3 26. Rac1 Qb2 27. Bd7
Rxa2 28. Bg3 h6 29. h3 Nxd7 30. Nxd7 Rxd7 31. Rc8+ Kh7 32. Rcc1 Bc2 33. Rf1
Qxd4 34. Rfe1 Rb7 35. Be5 Qd2 36. Bg3 d4 37. Rf1 d3 38. Rce1 Qxe1 39. Rxe1 d2
40. Rf1 Rb1 41. Rxb1 Bxb1 42. Kh2 d1=Q 43. h4 Bf5 44. Bf4 Rxf2 45. Bg3 Rf1 46.
Be5 Rh1+ 47. Kg3 Qg4+ 48. Kf2 Qxh4+ 49. Bg3 Qd4+ 50. Kf3 Bg4# 0-1

[Event "OPEN INER 2022"]
[Site "salle des fêtes de Saint Denis"]
[Date "2022.10.13"]
[Round "5.17"]
[White "Giraud, Dimitri"]
[Black "Cavillot-Delestage, Raphael"]
[Result "1/2-1/2"]
[WhiteElo "1054"]
[BlackElo "1155"]
[PlyCount "49"]
[EventDate "2022.??.??"]

1. e4 d6 2. d4 Nf6 3. Nc3 Nbd7 4. Nf3 e5 5. d5 Nc5 6. Qe2 a5 7. Bg5 Be7 8. Bxf6
Bxf6 9. Qe3 Bd7 10. Bb5 h6 11. a3 O-O 12. Bxd7 Qxd7 13. O-O c6 14. b4 axb4 15.
axb4 Na6 16. Na4 Qc7 17. dxc6 bxc6 18. Qb6 Rfb8 19. Qxc7 Nxc7 20. c3 Kf8 21.
Nd2 d5 22. exd5 cxd5 23. Nc5 Ke7 24. Rxa8 Rxa8 25. Rb1 1/2-1/2

[Event "OPEN INER 2022"]
[Site "salle des fêtes de Saint Denis"]
[Date "2022.10.13"]
[Round "5.18"]
[White "Sandjivy, Jean Marc"]
[Black "Molines, Martin"]
[Result "1/2-1/2"]
[WhiteElo "1222"]
[BlackElo "1037"]
[PlyCount "106"]
[EventDate "2022.??.??"]

1. c4 e5 2. Nc3 Nf6 3. e3 Nc6 4. d4 exd4 5. exd4 Bb4 6. a3 Bxc3+ 7. bxc3 O-O 8.
Nf3 Re8+ 9. Be3 d6 10. Be2 Ne4 11. Qc2 Bf5 12. Bd3 Bg6 13. O-O Qe7 14. Rfe1 Qd7
15. Bf4 Nf6 16. Bxg6 hxg6 17. Qa4 Ne5 18. Qd1 Nxc4 19. Qc1 Rxe1+ 20. Nxe1 Nh5
21. Bg5 f6 22. Bd2 Nxd2 23. Qxd2 Re8 24. f3 Qe6 25. g4 Qe3+ 26. Qxe3 Rxe3 27.
gxh5 gxh5 28. Rc1 Kf7 29. Kf2 Re6 30. Nd3 b6 31. Nf4 Re8 32. a4 g6 33. c4 c6
34. Rb1 Rb8 35. Nd3 a5 36. Nf4 Rb7 37. Ne2 Rb8 38. Nc3 f5 39. d5 Rc8 40. Rxb6
cxd5 41. Nxd5 Rxc4 42. Rb7+ Ke6 43. Nc7+ Ke5 44. Rb5+ Rc5 45. Rxc5+ dxc5 46.
Ke3 f4+ 47. Kd3 g5 48. Nb5 g4 49. fxg4 hxg4 50. Ke2 c4 51. Nc3 Kd4 52. Kd2 Ke5
53. Ne2 Ke4 1/2-1/2

[Event "OPEN INER 2022"]
[Site "salle des fêtes de Saint Denis"]
[Date "2022.10.13"]
[Round "5.19"]
[White "Giraud, Marius"]
[Black "Fondrat, Thierry"]
[Result "0-1"]
[WhiteElo "1063"]
[BlackElo "1217"]
[PlyCount "74"]
[EventDate "2022.??.??"]

1. e4 c5 2. Bc4 d6 3. Nf3 Nc6 4. Nc3 Nf6 5. d3 g6 6. O-O Bg7 7. Be3 a6 8. a3
O-O 9. Qd2 Ng4 10. h3 Nxe3 11. Qxe3 h6 12. Rad1 Qb6 13. b3 Kh7 14. a4 Bxc3 15.
Nh2 Bg7 16. Nf3 Nd4 17. Rc1 Nxf3+ 18. Qxf3 Qd8 19. Rfe1 Qe8 20. Bd5 e6 21. Bc4
b5 22. Bxb5 axb5 23. e5 d5 24. axb5 Qxb5 25. c4 Qb7 26. Qe3 d4 27. Qd2 Bd7 28.
Rb1 Bc6 29. f3 Qc7 30. Kh2 Bxe5+ 31. Kg1 Bf4 32. Qe2 Be3+ 33. Kf1 Qh2 34. Qxe3
dxe3 35. Ke2 Qxg2+ 36. Kd1 Bxf3+ 37. Kc1 Qd2# 0-1

[Event "OPEN INER 2022"]
[Site "salle des fêtes de Saint Denis"]
[Date "2022.10.13"]
[Round "5.20"]
[White "Lai-Cheung-Kit, Lucie"]
[Black "Erudel, Irina"]
[Result "0-1"]
[WhiteElo "1009"]
[BlackElo "1199"]
[PlyCount "52"]
[EventDate "2022.??.??"]

1. e4 e5 2. Nf3 Nc6 3. Bb5 Nf6 4. O-O Nxe4 5. Re1 d5 6. d3 Nf6 7. Nxe5 Be7 8.
Nxc6 bxc6 9. Bxc6+ Bd7 10. Bxd7+ Qxd7 11. Nc3 O-O 12. Bg5 Rae8 13. Bxf6 Bxf6
14. Rxe8 Rxe8 15. Qd2 Qe6 16. Qe3 Qd7 17. Qh3 Qc6 18. Qh5 Re5 19. Qg4 Re8 20.
Qf5 d4 21. Nd5 Qxc2 22. Nxc7 Qxc7 23. Qb5 Qe7 24. Kf1 Qe2+ 25. Kg1 Qe1+ 26.
Rxe1 Rxe1# 0-1

[Event "OPEN INER 2022"]
[Site "salle des fêtes de Saint Denis"]
[Date "2022.10.13"]
[Round "5.21"]
[White "Naquin, Miguel"]
[Black "Khantalin, Serafim"]
[Result "1-0"]
[WhiteElo "1099"]
[BlackElo "1009"]
[PlyCount "27"]
[EventDate "2022.??.??"]

1. d4 d5 2. c4 dxc4 3. Nc3 Nc6 4. Nf3 Nf6 5. Bf4 e6 6. e3 Bb4 7. Bxc4 O-O 8.
O-O Na5 9. Bd3 Bd6 10. Bg5 h6 11. Bxf6 gxf6 12. Bc2 c6 13. Qd3 b5 14. Qh7# 1-0

[Event "OPEN INER 2022"]
[Site "salle des fêtes de Saint Denis"]
[Date "2022.10.13"]
[Round "5.22"]
[White "Gauthier, Keanu"]
[Black "Cavillot-Delestage, Honore"]
[Result "1-0"]
[WhiteElo "1099"]
[BlackElo "1009"]
[PlyCount "55"]
[EventDate "2022.??.??"]

1. d4 d5 2. c4 Bf5 3. Nc3 e6 4. Bd2 Nf6 5. Nf3 Bb4 6. Qa4+ Nc6 7. e3 O-O 8. Be2
a6 9. Qd1 Qe7 10. O-O Bg4 11. h3 Bxf3 12. Bxf3 Qd6 13. c5 Qe7 14. a3 Ba5 15. b4
b6 16. bxa5 bxa5 17. Qe2 Rae8 18. Rfe1 h6 19. Qxa6 Nb8 20. Qe2 c6 21. e4 Qc7
22. e5 Nh7 23. Bh5 Rc8 24. Qg4 g6 25. Bxh6 Rfe8 26. Bxg6 fxg6 27. Qxg6+ Qg7 28.
Qxg7# 1-0

[Event "OPEN INER 2022"]
[Site "salle des fêtes de Saint Denis"]
[Date "2022.10.13"]
[Round "5.23"]
[White "Khantalin, Irakliy"]
[Black "Erudel, Maeva"]
[Result "0-1"]
[WhiteElo "1009"]
[BlackElo "1411"]
[PlyCount "50"]
[EventDate "2022.??.??"]

1. e4 e6 2. d4 d5 3. e5 c5 4. dxc5 Bxc5 5. c4 Ne7 6. Nf3 Qb6 7. Nc3 Bxf2+ 8.
Ke2 Bc5 9. Rb1 Qc6 10. Qd3 O-O 11. Be3 Bxe3 12. Qxe3 Nf5 13. Qd2 dxc4 14. g3
Qc7 15. Bg2 Rd8 16. Qg5 Nc6 17. Kf2 Qb6+ 18. Ke2 Ncd4+ 19. Nxd4 Nxd4+ 20. Ke1
Bd7 21. Rf1 Bc6 22. Bxc6 Qxc6 23. Qf4 Nc2+ 24. Ke2 Qc7 25. Qe4 Nd4+ 0-1

[Event "OPEN INER 2022"]
[Site "salle des fêtes de Saint Denis"]
[Date "2022.10.13"]
[Round "5.24"]
[White "Lam Kin Cheung, Youn Ha"]
[Black "Khantalina, Ilariya"]
[Result "0-1"]
[WhiteElo "1199"]
[BlackElo "1099"]
[PlyCount "62"]
[EventDate "2022.??.??"]

1. d4 d5 2. c4 e6 3. Nf3 Nf6 4. Nc3 Nc6 5. e3 Bd6 6. Bd3 a6 7. O-O O-O 8. cxd5
exd5 9. Bd2 Re8 10. Re1 h6 11. h3 Ne4 12. Bxe4 dxe4 13. Nxe4 Rxe4 14. Rc1 Bb4
15. Bxb4 Nxb4 16. a3 Nd5 17. Re2 Qe7 18. Qd2 Nf4 19. Kf1 Nxe2 20. Qxe2 c6 21.
Qc2 Re6 22. Re1 Re4 23. Qd3 g6 24. Re2 Bf5 25. b3 Re6 26. Qd1 Qxa3 27. Nh4 Be4
28. f3 Bd5 29. e4 Bxb3 30. Qe1 Bc4 31. Qf2 Qc1+ 0-1

[Event "OPEN INER 2022"]
[Site "salle des fêtes de Saint Denis"]
[Date "2022.10.13"]
[Round "7.1"]
[White "Lutard, Florian"]
[Black "Triton, Maxime"]
[Result "1-0"]
[WhiteElo "2045"]
[BlackElo "1888"]
[PlyCount "65"]
[EventDate "2022.??.??"]

1. e4 c5 2. Nf3 e6 3. d4 cxd4 4. Nxd4 Nc6 5. Nc3 Qc7 6. Be3 a6 7. Qd2 Nf6 8. f3
b5 9. O-O-O Be7 10. Kb1 Bb7 11. g4 Nxd4 12. Bxd4 Rc8 13. h4 b4 14. Na4 d5 15.
Nb6 Rd8 16. e5 Nd7 17. Nxd7 Rxd7 18. Bd3 O-O 19. f4 f6 20. Rdf1 fxe5 21. fxe5
Rdd8 22. Qe3 Rxf1+ 23. Rxf1 Rf8 24. Rxf8+ Bxf8 25. Qf4 Be7 26. g5 Qd8 27. g6
hxg6 28. Qg4 Bxh4 29. Qxe6+ Kh8 30. Qxg6 Kg8 31. e6 Bf6 32. Qh7+ Kf8 33. Bc5+
1-0

[Event "OPEN INER 2022"]
[Site "salle des fêtes de Saint Denis"]
[Date "2022.10.13"]
[Round "7.2"]
[White "Mezouaghi, Miloud"]
[Black "Riviere, Etienne"]
[Result "1/2-1/2"]
[WhiteElo "1987"]
[BlackElo "1886"]
[PlyCount "92"]
[EventDate "2022.??.??"]

1. Nf3 d5 2. g3 Nf6 3. Bg2 e6 4. O-O Be7 5. c4 O-O 6. d4 dxc4 7. Qc2 a6 8. Qxc4
b5 9. Qc2 Bb7 10. a4 Nc6 11. axb5 axb5 12. Rxa8 Qxa8 13. Rd1 Rd8 14. Be3 Nd5
15. Bd2 Bf6 16. Be1 Nb6 17. Nc3 Nxd4 18. Nxd4 Bxg2 19. Ndxb5 Bc6 20. Rxd8+ Qxd8
21. f3 Nc4 22. Bf2 h6 23. Na7 Bb7 24. b3 Nb6 25. Ncb5 Nd5 26. Qd3 c6 27. Nd4
Qa8 28. Nc2 Be7 29. e4 Nb4 30. Nxb4 Bxb4 31. Qc4 Bd6 32. b4 Qf8 33. Nxc6 Bxc6
34. Qxc6 Bxb4 35. Kg2 Kh7 36. e5 Kg8 37. h4 Qd8 38. Qe4 Qd2 39. h5 Bc5 40. Qa8+
Kh7 41. Qe4+ Kg8 42. Qa8+ Bf8 43. Qe4 Qa2 44. g4 Bc5 45. Qe1 Bxf2 46. Qxf2 Qd5
1/2-1/2

[Event "OPEN INER 2022"]
[Site "salle des fêtes de Saint Denis"]
[Date "2022.10.13"]
[Round "7.3"]
[White "Fondrat, Johan"]
[Black "De Peindray D'Ambell, Philippe"]
[Result "0-1"]
[WhiteElo "1742"]
[BlackElo "1788"]
[PlyCount "60"]
[EventDate "2022.??.??"]

1. e4 g6 2. d4 Bg7 3. Nc3 d6 4. Be3 a6 5. Be2 b5 6. f4 e6 7. a3 Ne7 8. Nf3 Bb7
9. O-O Nd7 10. Qe1 c5 11. Rd1 Qc7 12. e5 Nf5 13. exd6 Qxd6 14. dxc5 Qc6 15. Bc1
Qxc5+ 16. Qf2 Qc7 17. g4 Ne7 18. Be3 O-O 19. Nh4 f5 20. gxf5 exf5 21. Bf3 Nf6
22. Bb6 Qc8 23. Rfe1 Ne4 24. Nxe4 fxe4 25. Bxe4 Bxe4 26. Rxe4 Qg4+ 27. Ng2
Qxd1+ 28. Re1 Qd7 29. Bc5 Rfe8 30. Qe3 Nf5 0-1

[Event "OPEN INER 2022"]
[Site "salle des fêtes de Saint Denis"]
[Date "2022.10.13"]
[Round "7.4"]
[White "Lallemand, Eric"]
[Black "Larmet, Nino"]
[Result "0-1"]
[WhiteElo "1199"]
[BlackElo "2023"]
[PlyCount "48"]
[EventDate "2022.??.??"]

1. e4 e5 2. d4 exd4 3. Qxd4 Nc6 4. Qe3 Nf6 5. Nc3 Bb4 6. Bd2 O-O 7. O-O-O Re8
8. Qg3 Nxe4 9. Nxe4 Rxe4 10. Bxb4 Nxb4 11. a3 Nc6 12. Bd3 Re8 13. Nf3 h6 14.
Rhe1 d6 15. Rxe8+ Qxe8 16. Re1 Be6 17. Qh4 Qd8 18. Qe4 g6 19. Qf4 Kg7 20. h3
Qf6 21. Qa4 Bxh3 22. Bf1 Be6 23. Qb5 Rb8 24. Bd3 Qf4+ 0-1

[Event "OPEN INER 2022"]
[Site "salle des fêtes de Saint Denis"]
[Date "2022.10.13"]
[Round "7.5"]
[White "Lallemand, Philippe"]
[Black "Francou, Yvon"]
[Result "1-0"]
[WhiteElo "1840"]
[BlackElo "1639"]
[PlyCount "45"]
[EventDate "2022.??.??"]

1. d4 Nf6 2. Nf3 g6 3. Nc3 d6 4. e4 Bg7 5. Be2 O-O 6. h3 Nbd7 7. Be3 a6 8. Qd2
Re8 9. e5 c6 10. exf6 Nxf6 11. O-O Bd7 12. Nh2 h5 13. Rad1 b5 14. b4 Qc8 15.
Bf3 d5 16. Rfe1 Nh7 17. Ne2 Nf8 18. Bh6 Bf6 19. g4 Nh7 20. Nf4 Ng5 21. Qd3 Qc7
22. Bxg5 Bxg5 23. Nxg6 1-0